Statistics for The Hobbit Characters by Picture

Click here to take the quiz!

General Stats

  • This quiz has been taken 621 times
  • The average score is 10 of 16

Answer Stats

Answer% Correct
Bilbo
98%
Gandalf
97%
Smaug
91%
Legolas
84%
Thorin
84%
Kíli
69%
Balin
62%
Bard
62%
Radagast
60%
Azog
54%
Dwalin
52%
Tauriel
52%
Thranduil
51%
Beorn
46%
Dáin
41%
Master of Lake-Town
30%

Score Distribution

Percentile by Number Answered

Percent of People with Each Score

Your Score History

You have not taken this quiz